Statistics for All Time Top Ten NBA Centers

Click here to take the quiz!

General Stats

  • This quiz has been taken 1,085 times
  • The average score is 8 of 10

Answer Stats

HintAnswer% Correct
2(scored 100 points in a game)Wilt Chamberlain
97%
3(11 titles with the Celtics)Bill Russell
96%
4(7ft 1 in, 325lbs)Shaquille O'neal
95%
1 (perfected the sky hook)Kareem Abdul -Jabbar
94%
10(most of his career with the Knicks)Patrick Ewing
88%
8("The Admiral")David Robinson
85%
5(all time shot block leader)Hakeem Olajuwon
85%
9(the 1st great center)George Mikan
56%
6(all time offensive rebound leader)Moses Malone
55%
7("The Big Red Head")Bill Walton
51%

Score Distribution

Percentile by Number Answered

Percent of People with Each Score

Your Score History

You have not taken this quiz